000 00670nam a2200241Ia 4500
003 OSt
005 20221005083101.0
006 a|||||r|||| 00| 0
007 ta
008 221004b |||||||| |||| 00| 0 eng d
020 _a8185229171
024 _a47059
037 _cTextual
040 _aCRL
_cCRL
_beng
041 _2eng
_aeng
082 _aV236x, P01
245 0 _aSikh history from Persian sources
_b Translation of major texts edited by J. S. Grewal and Irfan Habib.
260 _aNew Delhi
_bTulika India
_c2001
300 _a228p.
_ccm.
650 _aINDIA - HISTORY
942 _hV236x, P01
_cTEXL
_2cc
999 _c990282
_d990282